[Event "DEN-ch Seniors 65+"]
[Site "Hvidovre"]
[Date "2018.02.12"]
[Round "1"]
[White "Nielsen, Carsten Juul"]
[Black "Stuberg, Odd Magnar"]
[Result "1-0"]
[WhiteElo "1891"]
[BlackElo "1612"]
[PlyCount "93"]
[EventDate "2018.02.12"]
[EventType "swiss"]
[EventRounds "7"]
[EventCountry "DEN"]
[SourceTitle "EXT 2020"]
[Source "ChessBase"]
[SourceDate "2019.10.17"]
[SourceVersion "1"]
[SourceVersionDate "2019.10.17"]
[SourceQuality "1"]

1. d4 d5 2. c4 c5 3. cxd5 Qxd5 4. Nf3 cxd4 5. Nc3 Qd8 6. Nxd4 e5 7. Ndb5 Qxd1+ 8. Kxd1 Na6 9. e4 Be6 10. Be3 Rd8+ 11. Ke1 Nf6 12. Rd1 Rxd1+ 13. Kxd1 Bb4 14. Bxa7 0-0 15. Bb6 Nc5 16. f3 Nfd7 17. Bc7 Na6 18. Nd5 Nxc7 19. Ndxc7 Bc5 20. Nxe6 fxe6 21. Nc7 Rf6 22. Bc4 Nf8 23. Ke2 Bd4 24. b3 Rg6 25. g3 Bb6 26. Nb5 Rf6 27. Nd6 Nd7 28. b4 Bc7 29. Ne8 Nb6 30. Nxf6+ gxf6 31. Bxe6+ Kg7 32. Rd1 Kh6 33. Bb3 Kg5 34. a4 f5 35. a5 Na8 36. Rd7 b6 37. Bd5 bxa5 38. Bxa8 Bb6 39. b5 a4 40. Bd5 a3 41. Rd6 Bg1 42. Kf1 Bc5 43. Ra6 f4 44. b6 Bd6 45. b7 Bc7 46. Rxa3 fxg3 47. hxg3 1-0